00677nam a2200241 a 4500001001300000003000900013005001700022008004100039020001000080082001300090100002100103245003100124260004200155300000900197500003500206505001000241650001900251700002100270902000800291942000700299952011400306999001500420nice12345678IN_TiNIC20260116013011.0050524s1910 enga grp 000 0 eng  ac10000a270bCOW aCowan, D D Henry aLandmarks of Churh History aEnglandbA.C Black, Soho Squarec1910 a188p aincludes index and biblioraphy2 aIndex aChurch-History1 aCowan, D D Henry bSRS cBK 001040708StackRoom-aHMIbHMId2007-07-17g100.00l0o270 COWp012308r2007-07-17v100.00w2005-05-24yBK c9220d9220